000 00631nam a2200205 i 4500
001 61676
003 ES-MaACL
005 20230906164522.0
007 t|
008 180903s1928 sp ||||1| spa d
100 1 _aFardwel, William.
_948835
245 1 0 _aHipnotismo
_b: estudio experimental /
_cpor el doctor William Fardwel [seud.].
260 _aMadrid :
_bCaro Raggio,
_c[1928?]
300 _a249 p. ;
_c19 cm.
490 1 _aBiblioteca de ciencias esotéricas ;
_v1
650 0 4 _aHipnosis.
_913363
830 0 _aBiblioteca de ciencias esotéricas ;
_v1
_9182811
852 _aES-MaACL
_jB-6948
999 _c61676
_d61676